000 00922nam a2200277 a 4500
001 000004292
003 DO-SdBNP
005 20240610110715.0
008 240610s1964 dr a 000 0 spa d
040 _aDO-SdBNP
_bspa
_cBNPHU
_erda
082 _bV437
_222
100 1 _aVeliz Domingo, Jose
_eautor
_912673
245 1 4 _aLa literatura en verso (España) o paises y retratos literarios de España :
_bpaisajes y retratos literarios de España
250 _a2da edición
264 _aMadrid :
_bEdiciones Grave
_c1964
300 _a379 paginas. :
_bilustraciones ;
_c22 cm.
336 _2rdacontent
_atexto
_btxt
337 _2rdamedia
_asin mediación
_bn
338 _2rdacarrier
_avolumen
_bnc
590 _aInventariado, 2024/DG
650 4 _aDominicanos en nueva york (estado)
_912674
651 4 _aRepública Dominicana
_xEmigración E Inmigración
_9290
700 _91707
910 _aDG
942 _2ddc
_cLBS1
999 _c56793
_d56793